000 00360nam a22001577a 4500
003 SGT
020 _a9788176372503
082 _a616.89
_bE24R
100 _aRAO, MANGOLAGOWRI.V.
245 _aTHE ESSENCE OF YOGA
260 _aVARANASI
_bCHAUKHAMBHA ORIEN,PUB.
_c2024
300 _a252
650 _aYOGA
653 _aYOGA , MEDITATION
942 _2ddc
_cBK
_03
999 _c27435
_d27435